Music Quiz

Random Music or Bands Quiz
Score 0/33 Timer 03:00
0 Plays Today
Instrument Brand % Correct
ALEX LIFESON | GuitarsFender/Hentor
86.4%
GEDDY LEE | Bass GuitarsFender
86.4%
ALEX LIFESON | GuitarsGibson
80.9%
AmpsMarshall
63.6%
GEDDY LEE | Bass GuitarsRickenbacker
62.7%
NEIL PEART | DrumsTama
58.2%
KeyboardsMoog
52.7%
CymbalsSabian/Paragon
50%
CymbalsZildjian
47.3%
ALEX LIFESON | GuitarsPRS
47.3%
NEIL PEART | DrumsDW
46.4%
Electronic DrumsRoland
44.5%
KeyboardsRoland
43.6%
KeyboardsYamaha
40.9%
GEDDY LEE | Bass GuitarsWal
40%
GEDDY LEE | Bass GuitarsSteinberger
38.2%
NEIL PEART | DrumsLudwig
30%
Instrument Brand % Correct
NEIL PEART | DrumsSlingerland
27.3%
AmpsHughes & Kettner
25.5%
Bass AmpsAmpeg
22.7%
AmpsGallien-Krueger
18.2%
Bass AmpsGallien-Krueger
18.2%
KeyboardsTaurus pedals
18.2%
Electronic DrumsSimmons
17.3%
KeyboardsOberheim
14.5%
ALEX LIFESON | GuitarsSignature
14.5%
AmpsHiwatt
12.7%
CymbalsWuhan
7.3%
Bass AmpsSunn
6.4%
KeyboardsPPG
3.6%
Electronic DrumsKAT
2.7%
Bass AmpsTrace-Elliot
2.7%
KeyboardsMellotron
1.8%

You're not logged in!

Compare scores with friends on all Sporcle quizzes.
OR
Log In

Sporcle TV

Today on Sporcle TV


Watch our educational content, quiz creation guides, and fun videos on Sporcle TV.

Show Comments

Extras

Top Quizzes Today


Score Distribution

Paid Content

Your Account Isn't Verified!

In order to create a playlist on Sporcle, you need to verify the email address you used during registration. Go to your Sporcle Settings to finish the process.

Report this User

Report this user for behavior that violates our Community Guidelines.

Details: